000 00459nam a2200181Ia 4500
001 14808
005 20260306164941.0
008 260306t2008||||xx |||||||||||||| ||spa||
041 _aESP
082 _a519.4
_bC28
100 _aCarrasco Venegas, Luis [1959-...]
_eAUT
245 0 _aMétodos numéricos:
_baplicados a la ingeniería
260 _c2008
300 _a838 páginas :
_c20 cm.
650 _aGEN
654 _aCMA
942 _cLIB
_dJUS
_fJUS
_2ddc
_n
999 _c14808
_d14808